Yungblud - Teresa - All lyrics - Statistics

General Stats
  • This quiz has been taken 12 times
  • The average score is 189 of 274
Answer Stats
Answer % Correct
a
100%
I
100%
I'm
100%
I’m
100%
Teresa
100%
the
100%
The
100%
you
100%
You
100%
be
88%
little
88%
they
88%
They
88%
to
88%
your
88%
As
75%
as
75%
don't
75%
don’t
75%
Don't
75%
heart
75%
long
75%
need
75%
over
75%
run
75%
sorry
75%
stole
75%
that
75%
watch
75%
We
75%
we
75%
were
75%
we're
75%
ya
75%
ya,
75%
blame
63%
But
63%
can't
63%
can't)
63%
cried
63%
dark
63%
Dead,
63%
dead
63%
Dead
63%
for
63%
In
63%
into
63%
middle
63%
no
63%
(No
63%
No
63%
out
63%
say
63%
see
63%
they're
63%
They're
63%
through
63%
Took
63%
walking
63%
always
50%
confuse
50%
every
50%
Every
50%
felt
50%
from
50%
gonna
50%
I'll
50%
it
50%
life
50%
my
50%
start
50%
street
50%
take
50%
taught
50%
Then
50%
try
50%
wanna
50%
am
38%
asleep
38%
breath
38%
cause
38%
down
38%
follow
38%
give
38%
make-believe
38%
us
38%
way
38%
won't
38%
again
25%
breathe
25%
Keeps
25%
(La
25%
la
25%
la)
25%
mirror
25%
taken
25%
together
25%
would've
25%
Although
13%
head
13%
No matching quizzes found
Score Distribution
Percent of People with Each Score
Percentile by Number Answered
Your Score History
You have not taken this quiz